[Event "8th Teplice Open 2013"]
[Site "Teplice CZE"]
[Date "2013.06.22"]
[Round "8.32"]
[White "Bartos,J"]
[Black "Klakurka,S"]
[Result "1/2-1/2"]
[WhiteElo "2196"]
[BlackElo "1936"]

1.d4 d5 2.c4 c6 3.e3 Nf6 4.Nc3 e6 5.Nf3 Nbd7 6.Bd3 dxc4 7.Bxc4 b5 8.Be2 a6
9.e4 b4 10.e5 bxc3 11.exf6 Nxf6 12.bxc3 Bd6 13.c4 c5 14.dxc5 Qa5+ 15.Bd2 Qxc5
16.O-O O-O 17.Be3 Qc7 18.c5 Be7 19.Rb1 Nd5 20.Bd4 Bf6 21.Bxf6 Nxf6 22.Qc2 Bd7
23.Rb6 Nd5 24.Ng5 g6 25.Rb2 Bc6 26.Bf3 Nf4 27.Ne4 Bxe4 28.Bxe4 Rac8 29.c6 Nd5
30.Bxd5 exd5 31.Rc1 Rfe8 32.g3 Re6 33.Rd1  1/2-1/2

[Event "8th Teplice Open 2013"]
[Site "Teplice CZE"]
[Date "2013.06.22"]
[Round "8.19"]
[White "Lechtynsky,J"]
[Black "Mamedjarova,T"]
[Result "1/2-1/2"]
[WhiteElo "2361"]
[BlackElo "2249"]

1.d4 d5 2.Nf3 Nf6 3.c4 e6 4.Nc3 c6 5.e3 Bd6 6.Qc2 O-O 7.b3 Nbd7 8.Be2 b6
9.O-O Bb7 10.Bb2 Rc8 11.e4 dxe4 12.Nxe4 Nxe4 13.Qxe4 Qe7 14.Bd3 f5 15.Qe2 c5
16.Rfe1 Rce8 17.d5 e5 18.Qc2 e4 19.Bf1 Nf6 20.g3 Ng4 21.Bh3 h5 22.Qc3 Bc8
23.Rad1 Qc7 24.Bxg4 hxg4 25.Nd2 g6 26.Qc2 Rf6 27.Re2 Qh7  1/2-1/2

[Event "8th Edmonton Int"]
[Site "Edmonton CAN"]
[Date "2013.06.23"]
[Round "1.5"]
[White "Haessel,D"]
[Black "Bruzon Batista,L"]
[Result "0-1"]
[WhiteElo "2171"]
[BlackElo "2687"]

1.Nf3 Nf6 2.c4 e6 3.Nc3 d5 4.d4 c6 5.e3 Nbd7 6.Bd3 dxc4 7.Bxc4 b5 8.Bd3 Bd6
9.e4 e5 10.dxe5 Nxe5 11.Nxe5 Bxe5 12.O-O O-O 13.h3 Re8 14.Qc2 Qe7 15.Be3 Bb7
16.Rae1 a6 17.Ne2 Rad8 18.f4 Bxb2 19.e5 Qa3 20.Rd1 Rd5 21.Rf3 c5 22.exf6 g6
23.Bf2 Bxf6 24.Rc1 Qb2 25.Re3 Rxe3 26.Bxe3 Qa3 27.Nc3 Bxc3 28.Qxc3 Rxd3 29.Qxa3 Rxa3
30.Bxc5 Rxa2 31.g4 f5 32.Rd1 Rg2+ 33.Kf1 Rc2 34.Rd8+ Kf7 35.Bd4 Be4 36.Rh8 b4
37.Rxh7+ Ke6 38.Rg7 fxg4 39.hxg4 b3 40.Ke1 b2 41.Bxb2 Rxb2 42.Kd1 Kf6 43.Rg8 Rg2
44.Rg7 Ke6 45.Rg8  0-1

[Event "Gold Coast Open 2013"]
[Site "Gold Coast AUS"]
[Date "2013.06.23"]
[Round "3"]
[White "Louie,Jared"]
[Black "Simmonds,L"]
[Result "1/2-1/2"]
[WhiteElo "1765"]
[BlackElo "1748"]

1.d4 d5 2.c4 c6 3.Nf3 Nf6 4.e3 e6 5.Nc3 Nbd7 6.Bd3 Bd6 7.O-O O-O 8.b3 Qe7
9.Bb2 Re8 10.e4 dxe4 11.Nxe4 Nxe4 12.Bxe4 Nf6 13.Re1 Ba3 14.Bc3 Bb4 15.Qd2 Bxc3
16.Qxc3 Nxe4 17.Rxe4 f6 18.Rd1 Qf7 19.d5 cxd5 20.cxd5 exd5 21.Rxe8+ Qxe8
22.Rxd5 Be6 23.Rd6 Qe7 24.Qd2 Re8 25.h3 b6 26.Rd3 Bf5 27.Re3  1/2-1/2

[Event "Malaysian Masters Men 2013"]
[Site "Kuala Lumpur MAS"]
[Date "2013.06.23"]
[Round "3.2"]
[White "Ajeet Singh,Roshan"]
[Black "Lim Yee Weng"]
[Result "0-1"]
[WhiteElo "2014"]
[BlackElo "2309"]

1.d4 d5 2.c4 c6 3.Nf3 Nf6 4.e3 e6 5.Nc3 Nbd7 6.Qc2 Bd6 7.g4 h6 8.Bd2 Qe7
9.h3 b6 10.O-O-O Bb7 11.cxd5 cxd5 12.Rg1 Ne4 13.Rg2 Rc8 14.Kb1 a6 15.Qb3 b5
16.Be2 Nb6 17.Ne5 Nxd2+ 18.Rxd2 Nc4 19.Rc2 O-O 20.Nd1 Nxe5 21.dxe5 Bxe5 22.Rg1 d4
23.exd4 Be4 24.Bd3 Bd5 25.Qa3 Bd6 26.Qa5 Bb4 27.Qb6 Rxc2 28.Bxc2 Rc8 29.Ne3 Bb7
30.Rc1 Bd2 31.Rd1 Rc6 32.Qxc6 Bxc6 33.Rxd2 Qh4 34.d5 exd5 35.Nxd5 Kf8 36.Nf4 g5
37.Rd6 gxf4 38.Rxc6 Qxf2 39.a4 Qe1+ 40.Ka2 f3  0-1

[Event "3rd Big Slick IM"]
[Site "Purley ENG"]
[Date "2013.06.23"]
[Round "2"]
[White "Vogel,Ja"]
[Black "Olsarova,T"]
[Result "1/2-1/2"]
[WhiteElo "2202"]
[BlackElo "2203"]

1.d4 d5 2.Nf3 Nf6 3.c4 c6 4.e3 e6 5.Nc3 Nbd7 6.Qc2 Bd6 7.b3 O-O 8.Be2 e5
9.cxd5 cxd5 10.Nb5 Bb4+ 11.Bd2 Bxd2+ 12.Nxd2 exd4 13.Nxd4 Ne5 14.h3 Bd7 15.O-O Rc8
16.Qb2 Ne4 17.N2f3 Qf6 18.Nxe5 Qxe5 19.Rac1 h6 20.Rxc8 Rxc8 21.Rc1 Re8 22.Bf3 Ng5
23.Qd2 Bf5 24.Qd1 Be4 25.Bxe4 dxe4 26.Qc2  1/2-1/2

[Event "TCh-SUI 2013"]
[Site "Switzerland SUI"]
[Date "2013.06.23"]
[Round "5.8"]
[White "Kradolfer,G"]
[Black "Grandadam,N"]
[Result "1/2-1/2"]
[WhiteElo "2117"]
[BlackElo "2344"]

1.c4 e6 2.Nc3 d5 3.d4 c6 4.e3 Nf6 5.Nf3 Nbd7 6.Bd3 dxc4 7.Bxc4 b5 8.Bd3 Bd6
9.O-O O-O 10.Bd2 b4 11.Ne4 Nxe4 12.Bxe4 Bb7 13.Rc1 Rc8 14.Qb3 Qb6 15.Rfd1 Nf6
16.Bd3 c5 17.dxc5 Rxc5 18.Rxc5 Qxc5 19.Be2 Ne4 20.Be1 Rb8 21.Qc4 Qb6 22.Qd4 Bc5
23.Qd3 Bd5 24.Ne5 Nf6 25.b3 Qc7 26.Nc4 Qb7 27.Na5 Qc7 28.Nc4 h6 29.Nd2 Rd8
30.Qc2 Qb6 31.Nc4 Qb8 32.h3 Qa8 33.Ne5 Bd6 34.Nf3 a5 35.Bd2 Ne4 36.Be1 Rc8
37.Qd3 a4 38.bxa4 Qxa4 39.Nd4 Qxa2 40.Bf3 Qa8 41.Nxe6 fxe6 42.Bxe4 Bxe4 43.Qxd6 Bxg2
44.Qxe6+ Kh7 45.Qf5+ Kh8 46.Bxb4 Bh1 47.f3 Bxf3 48.Rf1 Be4 49.Qxc8+ Qxc8  1/2-1/2

[Event "8th Teplice Open 2013"]
[Site "Teplice CZE"]
[Date "2013.06.23"]
[Round "9.47"]
[White "Rasmussen,He2"]
[Black "Grussova,H"]
[Result "1/2-1/2"]
[WhiteElo "1812"]
[BlackElo "1997"]

1.d4 d5 2.c4 e6 3.e3 c6 4.Nf3 Nf6 5.Nc3 Nbd7 6.Bd3 dxc4 7.Bxc4 b5 8.Bd3 Bb7
9.a3 a5 10.O-O b4 11.Na4 Be7 12.Re1 O-O 13.e4 h6 14.e5 Nd5 15.Qe2 Re8 16.Qe4 Nf8
17.Nc5 Bxc5 18.dxc5 f5 19.exf6 Nxf6 20.Qe2 Qd5 21.Be3 Ng4 22.h3 Ne5 23.Nxe5 Qxe5
24.Qc2 Qf6 25.axb4 axb4 26.Bc4 Kh8 27.Rad1 e5 28.Rd6 Qf5 29.Bd3 e4 30.Bc4 Nh7
31.Be6 Qe5 32.Bd4 Qf4 33.Rd7 Nf6 34.Bxf6  1/2-1/2

[Event "66th ch-RUS HL"]
[Site "Yekaterinburg RUS"]
[Date "2013.06.23"]
[Round "4.22"]
[White "Ulanov,A"]
[Black "Kozlitin,R"]
[Result "1-0"]
[WhiteElo "2425"]
[BlackElo "2361"]

1.d4 Nf6 2.Nf3 e6 3.c4 d5 4.Nc3 c6 5.e3 Nbd7 6.Qc2 Bd6 7.g4 h6 8.Rg1 b6 9.h4 dxc4
10.g5 Nd5 11.g6 f6 12.Bxc4 Bb7 13.e4 Nc7 14.Be3 Qe7 15.O-O-O O-O-O 16.h5 Kb8
17.Rge1 b5 18.Bf1 Bb4 19.d5 cxd5 20.exd5 Nxd5 21.Nxd5 Bxd5 22.Rxd5 Rc8 23.Rxb5+ Ka8
24.Bc4 Rc6 25.Nd4 Rxc4 26.Qxc4 Ne5 27.Qf1  1-0

[Event "66th ch-RUS HL"]
[Site "Yekaterinburg RUS"]
[Date "2013.06.23"]
[Round "4.3"]
[White "Grachev,B"]
[Black "Dubov,Danii"]
[Result "1-0"]
[WhiteElo "2683"]
[BlackElo "2638"]

1.c4 e6 2.Nc3 d5 3.d4 c6 4.e3 Nf6 5.Nf3 Nbd7 6.Bd3 dxc4 7.Bxc4 b5 8.Be2 Bb7
9.O-O Be7 10.e4 b4 11.e5 bxc3 12.exf6 Bxf6 13.bxc3 c5 14.dxc5 O-O 15.Ba3 Be7
16.Qd4 Qc7 17.Rab1 Bd5 18.c4 Bc6 19.Qe3 e5 20.Bd3 Bxf3 21.Qxf3 Nxc5 22.Bxc5 Bxc5
23.Rb7 Qd8 24.Rfb1 Bb6 25.Rd1 Qf6 26.Qxf6 gxf6 27.Bf5 Bd4 28.Kf1 Rab8 29.Rdb1 Bb6
30.Rxb8 Rxb8 31.c5 Bc7 32.Rxb8+ Bxb8 33.Ke2 h6 34.Kd3 Kf8 35.Kc4 Ke7 36.Kb5 e4
37.Ka6 Kd8 38.Bxe4 Bxh2 39.Kxa7 Kc7 40.Ka6 f5 41.Bd5 Bg1 42.a4 Bxf2 43.Kb5 Kb8
44.Bxf7 Ka7 45.Bh5 Be3 46.Be2 Kb7 47.a5 Bf4 48.a6+ Kc8 49.Bd3 Bb8 50.Kb6  1-0

[Event "9th Prague Festival Open A"]
[Site "Prague CZE"]
[Date "2013.06.24"]
[Round "3.1"]
[White "Kociscak,J"]
[Black "Gregor,Ji"]
[Result "1/2-1/2"]
[WhiteElo "2407"]
[BlackElo "2295"]

1.d4 d5 2.c4 c6 3.Nc3 Nf6 4.e3 e6 5.Nf3 Nbd7 6.Qc2 Be7 7.g4 h6 8.h3 a6 9.Bd2 b5
10.c5 Qc7 11.Bg2 b4 12.Ne2 a5 13.Ng3 Ba6 14.a3 b3 15.Qxb3 Bxc5 16.Rc1 Bd6
17.Ne2 O-O 18.Qc2 Rfc8 19.Nc3 c5 20.Bf1 Qb7 21.Bxa6 Qxa6 22.a4 cxd4 23.Nxd4 Bb4
24.Ndb5 e5 25.O-O Nc5 26.f4 e4 27.Qd1 Nd3 28.Rc2 Qb7 29.Nd4 Qd7 30.Ncb5 Rxc2
31.Qxc2 Nxg4 32.hxg4 Qxg4+ 33.Kh2 Qh4+ 34.Kg2 Qg4+  1/2-1/2

[Event "63rd ch-RUS HL w"]
[Site "Yekaterinburg RUS"]
[Date "2013.06.24"]
[Round "5.2"]
[White "Goryachkina,A"]
[Black "Ubiennykh,E"]
[Result "1-0"]
[WhiteElo "2401"]
[BlackElo "2344"]

1.d4 d5 2.c4 c6 3.Nf3 Nf6 4.Nc3 e6 5.e3 a6 6.Qc2 dxc4 7.Bxc4 c5 8.dxc5 Bxc5
9.O-O Nc6 10.b3 Nb4 11.Qd1 Qxd1 12.Rxd1 b5 13.Bf1 Bb7 14.a4 Nfd5 15.Bb2 Nxc3
16.Bxc3 bxa4 17.Rxa4 Nd5 18.Bb2 O-O 19.Rda1 Rfb8 20.Ne5 Nb6 21.R4a2 f6 22.Nd3 Bd6
23.Ba3 Bxa3 24.Rxa3 Rc8 25.Nb4 Rc3 26.Nxa6 Bxa6 27.Bxa6 Rd8 28.h3 Rd2 29.b4 Rcc2
30.Bf1 Rxf2 31.Ra6 Nd5 32.Ra8+ Kf7 33.R1a7+ Kg6 34.Bd3+ f5 35.Bxc2 Rxc2 36.Rg8 Nxe3
37.Raxg7+ Kf6 38.Rxh7 f4 39.b5 Nf5 40.Ra7 Rb2 41.Ra4 Ke5 42.Rg4 Nd4 43.h4 Rxb5
44.h5 Rb1+ 45.Kh2 Kf5 46.Rg8 e5 47.Ra5 Rb2 48.Kh3 Ne2 49.Kh4 Ng3 50.Rg5+ Ke4
51.Rgxe5+ Kd4 52.Rad5+ Kc4 53.Rc5+ Kd4 54.Rcd5+ Kc4 55.Kg4 Rf2 56.h6 Ne4
57.Kf5 Ng3+ 58.Kg4 Ne4 59.Kf5 Ng3+ 60.Ke6 Rxg2 61.h7 Rh2 62.Rh5 Re2+ 63.Rde5  1-0

[Event "Malaysian Masters Women 2013"]
[Site "Kuala Lumpur MAS"]
[Date "2013.06.25"]
[Round "6.2"]
[White "Azhar,Puteri Rifqah Fahada"]
[Black "Camilia,Bt. Johari"]
[Result "1/2-1/2"]
[WhiteElo "1855"]
[BlackElo "1791"]

1.d4 d5 2.c4 c6 3.Nc3 Nf6 4.Nf3 e6 5.e3 Nbd7 6.Bd3 a6 7.a3 dxc4 8.Bxc4 b5
9.Bd3 c5 10.O-O Bb7 11.Be2 Be7 12.dxc5 Nxc5 13.Qxd8+ Rxd8 14.b4 Nb3 15.Rb1 Nxc1
16.Rbxc1 O-O 17.Rfd1 Rxd1+ 18.Nxd1 Nd5 19.Kf1 Bf6 20.Nd2 Rc8 21.Rxc8+ Bxc8
22.Bf3 Nb6 23.Ke2 Kf8 24.Kd3 Na4 25.Kc2 Ke8 26.Nb3 Kd7 27.Na5 Kc7 28.Be4 h6
29.Bc6 Bd7  1/2-1/2

[Event "Geneva Open A 2013"]
[Site "Geneva SUI"]
[Date "2013.06.26"]
[Round "3.5"]
[White "Bauer,Ch"]
[Black "Botta,Ga"]
[Result "1-0"]
[WhiteElo "2637"]
[BlackElo "2327"]

1.d4 d5 2.c4 c6 3.Nc3 Nf6 4.e3 e6 5.Nf3 Nbd7 6.Bd3 Bd6 7.O-O O-O 8.e4 dxc4
9.Bxc4 e5 10.Bg5 b5 11.Bb3 b4 12.Na4 Qc7 13.Re1 exd4 14.Bxf6 gxf6 15.Rc1 Bf4
16.Nxd4 Ne5 17.Qh5 Bg4 18.Qh4 Bg5 19.Qg3 Bf4 20.Qxf4 Nf3+ 21.Qxf3 Bxf3 22.Nxf3 Rad8
23.Rc5 Kh8 24.Rf5 Kg7 25.Nc5 Qc8 26.Rf4 Rde8 27.g3 a5 28.Kg2 Re7 29.Nd4 Re5
30.Nd3 Kh8 31.Rxf6 Qd8 32.Nxe5 Qxf6 33.Nexc6 Qg5 34.Re2 Qc5 35.Rc2 Qb6 36.Bd5 h6
37.b3 Re8 38.Nf5  1-0

[Event "Mukachevo Summer"]
[Site "Mukachevo UKR"]
[Date "2013.06.26"]
[Round "2.2"]
[White "Zazuliak,A"]
[Black "Kovalev,De"]
[Result "0-1"]
[WhiteElo "2240"]
[BlackElo "2508"]

1.c4 c6 2.Nc3 d5 3.d4 Nf6 4.e3 e6 5.Nf3 Nbd7 6.Bd3 dxc4 7.Bxc4 b5 8.Bb3 Be7
9.O-O O-O 10.Qe2 b4 11.Na4 Qa5 12.Nd2 Ba6 13.Nc4 Rac8 14.Re1 Qb5 15.Bd2 c5
16.Rac1 Rc7 17.Qd1 Rfc8 18.Ne5 Nxe5 19.dxe5 Ne4 20.Bc2 Nxd2 21.Qxd2 Rd7 22.Qd1  0-1

[Event "DC International"]
[Site "Arlington USA"]
[Date "2013.06.27"]
[Round "1.6"]
[White "Gerzhoy,L"]
[Black "Prilleltensky,M"]
[Result "1-0"]
[WhiteElo "2462"]
[BlackElo "2182"]

1.d4 d5 2.c4 c6 3.Nc3 Nf6 4.e3 e6 5.Nf3 Nbd7 6.Qc2 Bd6 7.Bd3 O-O 8.O-O dxc4
9.Bxc4 a6 10.Rd1 b5 11.Be2 Qc7 12.Ne4 Nxe4 13.Qxe4 Bb7 14.Bd3 g6 15.Qh4 Rfe8
16.Ng5 Nf8 17.Ne4 Be7 18.Nf6+ Bxf6 19.Qxf6 Nd7 20.Qh4 c5 21.b3 cxd4 22.Qxd4 e5
23.Qh4 Nc5 24.Bf1 Ne4 25.Ba3 Qa5 26.Bb2 Rac8 27.a4 Qb4 28.axb5 Qxb3 29.bxa6 g5
30.Qh3 Nxf2 31.Kxf2 Qxb2+ 32.Kg1 Bc6 33.a7 Ra8 34.Qg3 h6 35.h4 f6 36.hxg5 hxg5
37.Ra6 Rec8 38.Rd6 Qc2 39.Rxf6  1-0

[Event "FIDE WGP Dilijan 2013"]
[Site "Dilijan ARM"]
[Date "2013.06.27"]
[Round "10.4"]
[White "Harika,D"]
[Black "Muzychuk,A"]
[Result "1/2-1/2"]
[WhiteElo "2492"]
[BlackElo "2593"]

1.d4 d5 2.c4 c6 3.Nc3 Nf6 4.Nf3 e6 5.e3 Nbd7 6.Bd3 dxc4 7.Bxc4 b5 8.Bd3 a6
9.e4 c5 10.e5 cxd4 11.Nxb5 Ng4 12.Qa4 Bb7 13.Nbxd4 Qb6 14.O-O Bc5 15.h3 Bxf3
16.Nxf3 Nxf2 17.Be2 h5 18.Kh2 Ng4+ 19.Kh1 Nf2+ 20.Kh2 Ng4+ 21.Kh1 Nf2+ 22.Kh2 Ng4+  1/2-1/2

[Event "63rd ch-RUS HL w"]
[Site "Yekaterinburg RUS"]
[Date "2013.06.27"]
[Round "7.11"]
[White "Iljushina,O"]
[Black "Sukhareva,E"]
[Result "1-0"]
[WhiteElo "2334"]
[BlackElo "2248"]

1.d4 d5 2.c4 e6 3.Nc3 c6 4.e3 Nf6 5.Nf3 a6 6.Bd3 dxc4 7.Bxc4 b5 8.Be2 Nbd7
9.e4 b4 10.e5 bxc3 11.exf6 Nxf6 12.bxc3 Nd7 13.Bf4 Be7 14.Qa4 Bb7 15.Rb1 Qc8
16.Ne5 Nxe5 17.Bxe5 O-O 18.Qb3 Ra7 19.Qb6 Qa8 20.Bf3 Rc8 21.O-O Bd8 22.Qb3 a5
23.c4 Ba6 24.Qa4 Rd7 25.Rfd1 Bb7 26.d5 Bf6 27.Bxf6 gxf6 28.dxe6 Rxd1+ 29.Qxd1 Rd8
30.e7 Rb8 31.Qd7 Kg7 32.h3  1-0

[Event "66th ch-RUS HL"]
[Site "Yekaterinburg RUS"]
[Date "2013.06.27"]
[Round "7.4"]
[White "Shimanov,A"]
[Black "Tomashevsky,E"]
[Result "0-1"]
[WhiteElo "2664"]
[BlackElo "2709"]

1.d4 d5 2.c4 c6 3.Nc3 Nf6 4.e3 e6 5.Nf3 a6 6.b3 Bb4 7.Bd2 Nbd7 8.Bd3 O-O
9.O-O Qe7 10.Ne5 Nxe5 11.dxe5 Nd7 12.f4 g6 13.cxd5 exd5 14.Qc2 a5 15.Na4 f6
16.Bxb4 axb4 17.e4 dxe4 18.Qc4+ Kg7 19.Qxe4 fxe5 20.fxe5 Qxe5 21.Rxf8 Qxe4
22.Bxe4 Kxf8 23.Rd1 Ke7 24.Rd4 Ra5 25.Bb1 Re5 26.Kf2 b5 27.Nb2 c5 28.Rd1 Nf6
29.h3 Nd5 30.Nd3 Rf5+ 31.Kg1 Nc3 32.Re1+ Kd6 33.Bc2 Rd5 34.g4 Bd7 35.Ra1 Ne2+
36.Kf2 Nd4 37.Bb1 g5 38.Ne1 h6 39.Bd3 Bc6 40.Rc1 Re5 41.Nc2 Nxc2 42.Rxc2 Be4
43.Bxe4 Rxe4 44.Kf3 Rd4 45.Ke3 Kd5 46.Rb2 Re4+ 47.Kf3 Re1 48.Rd2+ Ke5 49.Rc2 Kd4
50.Rd2+ Kc3 51.Rd5 c4 52.Rxb5 cxb3 53.axb3 Re6 54.h4 gxh4  0-1

[Event "FIDE WGP Dilijan 2013"]
[Site "Dilijan ARM"]
[Date "2013.06.28"]
[Round "11.2"]
[White "Khotenashvili,B"]
[Black "Ushenina,A"]
[Result "1/2-1/2"]
[WhiteElo "2531"]
[BlackElo "2499"]

1.d4 d5 2.c4 c6 3.e3 Nf6 4.Nc3 e6 5.Nf3 Nbd7 6.Qc2 Bd6 7.g4 h6 8.Rg1 e5 9.cxd5 cxd5
10.h4 e4 11.Nd2 g5 12.Rh1 Rg8 13.hxg5 hxg5 14.Nb5 Bb8 15.Be2 a6 16.Nc3 Nb6
17.a4 Be6 18.Qb3 Qc7 19.a5 Nbd7 20.Nf1 Qc8 21.Bd2 Bc7 22.f3 Bd6 23.Rc1 Qb8
24.fxe4 dxe4 25.Bc4 Bxc4 26.Qxc4 Kf8 27.Ne2 Kg7 28.Bc3 Rh8 29.Rxh8 Qxh8 30.Bb4 Qh4+
31.Kd2 Bxb4+ 32.Qxb4 Qxg4 33.Nfg3 Rh8 34.Qd6 Qe6 35.Qxe6 fxe6 36.Rc7 Rb8
37.Nc3 Kg6 38.b4 b6 39.Rc6 bxa5 40.bxa5 Rb2+ 41.Ke1 Rb3 42.Nge2 Kf7 43.Rxa6 Nd5
44.Kd2 g4 45.Ra7 Ke8 46.Ra8+ Ke7 47.a6 Ra3 48.Nxe4 Nxe3 49.Nf4 Nc4+ 50.Kc1 g3
51.a7 g2 52.Nxg2 Ncb6 53.Rh8 Rxa7 54.Rh7+ Kd8 55.Nf4 Rc7+ 56.Kd1 Rc6 57.Ng5 Nf8
58.Rg7 Nbd7 59.Nf7+ Ke8 60.Nh5 e5 61.d5 Rg6 62.Rxg6 Nxg6 63.Nd6+ Ke7 64.Nf5+ Kf7
65.Nd6+ Ke7 66.Nf5+ Kf7 67.Nd6+ Ke7 68.Nf5+  1/2-1/2

[Event "Mukachevo Summer"]
[Site "Mukachevo UKR"]
[Date "2013.06.28"]
[Round "6.3"]
[White "Grinev,V"]
[Black "Koziak,V"]
[Result "0-1"]
[WhiteElo "2384"]
[BlackElo "2509"]

1.d4 d5 2.c4 e6 3.Nf3 Nf6 4.Nc3 c6 5.e3 Nbd7 6.Qc2 Bd6 7.Bd3 O-O 8.O-O h6
9.Rd1 Qe7 10.e4 dxe4 11.Nxe4 Nxe4 12.Bxe4 Nf6 13.c5 Nxe4 14.Qxe4 Bc7 15.Bf4 Rd8
16.Bxc7 Qxc7 17.Ne5 Rd5 18.Rac1 Bd7 19.Rd3 Re8 20.Ra3 f6 21.Nf3 b5 22.Qe1 e5
23.dxe5 Bg4 24.Qa5 Qd7 25.h3 Bxf3 26.Rxf3 Rexe5 27.b4 Re2 28.Qa3 Rdd2 29.Qb3+ Qf7
30.Qxf7+ Kxf7 31.a3 a5 32.bxa5 Rd4 33.a6 Re7 34.Rcc3 Ra7 35.Rfd3 Rxd3 36.Rxd3  0-1

[Event "63rd ch-RUS HL w"]
[Site "Yekaterinburg RUS"]
[Date "2013.06.28"]
[Round "8.2"]
[White "Goryachkina,A"]
[Black "Ivakhinova,I"]
[Result "1/2-1/2"]
[WhiteElo "2401"]
[BlackElo "2291"]

1.d4 d5 2.c4 c6 3.Nc3 Nf6 4.e3 e6 5.Nf3 Nbd7 6.Bd3 dxc4 7.Bxc4 b5 8.Bd3 a6
9.a4 b4 10.Ne4 c5 11.O-O Bb7 12.Nxf6+ Nxf6 13.a5 Be7 14.dxc5 O-O 15.Qe2 Qd5
16.Rd1 Qh5 17.e4 Ng4 18.h3 Ne5 19.Be3 Nxd3 20.Qxd3 Bxc5 21.Bxc5 Qxc5 22.Rdc1 Qe7
23.Ne5 Rad8 24.Qe3 Qd6 25.Nc4 Qd4 26.Qxd4 Rxd4 27.f3 Bc6 28.Ne3 Bb5 29.Rd1 Rxd1+
30.Rxd1 Rc8 31.Rd4 Kf8 32.Rxb4 Rc1+ 33.Kf2 Ra1 34.Nc4 Bxc4 35.Rxc4 Rxa5 36.Rc8+ Ke7
37.Rc7+ Kf6 38.Ra7 Ra2 39.Kg3 Rxb2 40.Rxa6 Rc2  1/2-1/2

[Event "IsBank TCh-TUR 2013"]
[Site "Denizli TUR"]
[Date "2013.06.29"]
[Round "1.2"]
[White "Arutinian,D"]
[Black "Agamaliev,G"]
[Result "1-0"]
[WhiteElo "2543"]
[BlackElo "2512"]

1.d4 Nf6 2.c4 c6 3.Nc3 d5 4.e3 e6 5.Nf3 Nbd7 6.Qc2 Bd6 7.b3 O-O 8.Bb2 b6
9.Bd3 Bb7 10.O-O Rc8 11.Rad1 Qe7 12.Rfe1 h6 13.e4 dxe4 14.Nxe4 Nxe4 15.Bxe4 Nf6
16.Bd3 Rfd8 17.Ne5 Qf8 18.Qe2 c5 19.Bc2 cxd4 20.Rxd4 Bb4 21.Red1 Rxd4 22.Rxd4 Rd8
23.Ng4 Rxd4 24.Nxf6+ gxf6 25.Bxd4 Qg7 26.g3 Bc5 27.Bc3 Qg5 28.Bd2 Qg7 29.b4 Bd4
30.Be4 Ba6 31.b5 Bc8 32.Qh5 f5 33.Bc6 Kh7 34.Be8 f6 35.Bc6 Qg6 36.Qf3 h5
37.Be3 Bxe3 38.Qxe3 e5 39.f4 h4 40.fxe5 f4 41.Qxf4 Qb1+ 42.Qf1 Qb2 43.exf6 hxg3
44.hxg3 Kg8 45.Qe1 Qd4+ 46.Kg2 Qb2+ 47.Kh1 Bg4 48.Qe8+  1-0

[Event "Karvina Open 2013"]
[Site "Karvina CZE"]
[Date "2013.06.29"]
[Round "1.5"]
[White "Kosiorek,M"]
[Black "Vahala,T"]
[Result "1-0"]
[WhiteElo "2340"]
[BlackElo "1859"]

1.d4 d5 2.c4 c6 3.Nf3 Nf6 4.Nc3 e6 5.e3 Nbd7 6.Be2 Be7 7.O-O O-O 8.Qc2 b6
9.Rd1 Bb7 10.b3 Qc7 11.Bb2 Rac8 12.Rac1 Qb8 13.Qb1 Rfd8 14.h3 h6 15.Rd2 Qa8
16.cxd5 cxd5 17.Rdc2 a6 18.a4 Nb8 19.Bd3 Nc6 20.Na2 Nb4 21.Nxb4 Bxb4 22.Ne5 Rxc2
23.Rxc2 Rc8 24.f3 Bd6 25.Kf2 Rxc2+ 26.Qxc2 Kf8 27.g4 Ke7 28.Ba3 Qd8 29.Bxa6 Bxa3
30.Bxb7 Kf8 31.Qc8 Qxc8 32.Bxc8 Ke7 33.Ke2 Bd6 34.b4 Bc7 35.Kd3 Ne8 36.Nc6+ Kf8
37.e4 Nd6 38.Ba6 dxe4+ 39.fxe4 f6 40.Bc4 Kf7 41.a5 b5 42.Bb3 Nc8 43.Kc3 g6
44.Bc2 Ne7 45.Na7 Bg3 46.Nxb5 Nc6 47.Kc4 Ke7 48.a6 Bb8 49.Kc5 Kd7 50.Ba4  1-0

[Event "4th ch-Vojvodina Int"]
[Site "Novi Sad SRB"]
[Date "2013.06.29"]
[Round "3.20"]
[White "Tisma,I"]
[Black "Brajic,Milo"]
[Result "1/2-1/2"]
[WhiteElo "2096"]
[BlackElo "2300"]

1.d4 Nf6 2.Nf3 d5 3.c4 e6 4.Nc3 c6 5.e3 Bd6 6.Bd3 Nbd7 7.O-O O-O 8.e4 dxe4
9.Nxe4 Nxe4 10.Bxe4 c5 11.dxc5 Bxc5 12.Qe2 Qc7 13.b3 f5 14.Bc2 e5 15.Bb2 e4
16.Nd4 Nf6 17.h3 Bd7 18.Nb5 Qf4 19.Rad1 Bc6 20.Nd4 Rae8 21.b4 Bxb4 22.Nxc6 bxc6
23.Bd4 c5 24.Be3 Qc7 25.g3 Bc3 26.Ba4 Rd8 27.Rxd8 Rxd8 28.Rd1 Bd4 29.Bf4 Qa5
30.Bb3 h6 31.h4 Ng4 32.Rf1 Qc3 33.Kg2 e3 34.h5 Rf8 35.f3 Nf6 36.Rh1 Nd7 37.Ba4 Nb6
38.Bc6 Rf6 39.Bb5 Re6 40.Rd1 Kh7 41.Rd3 Qa5 42.Bc7 Qb4 43.Rb3 Qd2 44.Kf1 Qc1+
45.Kg2 Qd2 46.Kf1 Qc1+ 47.Kg2 g6 48.hxg6+ Kxg6 49.f4 Qd2 50.Kf3 Qc1 51.Kg2 Qd2
52.Kf3 Qc1 53.Kg2 Bf6 54.Rd3 h5 55.Bxb6 axb6 56.Bd7 Re7 57.Bxf5+ Kh6 58.Rd6 Rf7
59.Bc2 Kg7 60.Qd3 Qd2+ 61.Qxd2 exd2 62.Rxd2 Bd4 63.Re2 Kf6 64.Kf3 Ra7 65.Be4 Ra3+
66.Kg2 Re3 67.Rxe3 Bxe3 68.Kf3 Bd2 69.Bc6 Be1 70.Be8 h4 71.gxh4 Bxh4 72.Ke4 Be1
73.f5 Ba5 74.Bd7 Bc3 75.Kd5 Bb4  1/2-1/2

[Event "Visma IMB 2013"]
[Site "Vaxjo SWE"]
[Date "2013.06.29"]
[Round "6.1"]
[White "Pileckis,E"]
[Black "Cederstam-Barsk,Carl"]
[Result "1/2-1/2"]
[WhiteElo "2467"]
[BlackElo "2217"]

1.Nf3 d5 2.d4 Nf6 3.c4 c6 4.Nc3 e6 5.e3 Nbd7 6.Qc2 Bd6 7.b3 O-O 8.Bb2 b6
9.Be2 Bb7 10.O-O Rc8 11.Rad1 Qc7 12.e4 dxe4 13.Nxe4 Nxe4 14.Qxe4 c5 15.Qh4 Rfe8
16.d5 exd5 17.Bd3 Nf8 18.cxd5 Rcd8 19.Qh5 Bc8 20.g3 h6 21.Kg2 Nh7 22.a4 a6
23.Rfe1 Qd7 24.Qh4 Be7 25.Bxh7+ Kxh7 26.Qe4+ Kg8 27.Ne5 Qh3+ 28.Kg1 Bf6 29.Qc4 Bxe5
30.Bxe5 Bg4 31.Rc1 Bf3 32.Qf1 Qxf1+ 33.Kxf1 Rxd5 34.Re3 Rexe5 35.Rxf3 Rd4
36.a5 b5 37.Rfc3 Rdd5 38.f4 Rh5 39.h4 Rhf5 40.Ke2 g5 41.hxg5 hxg5 42.Kf3 Kg7
43.Kg4 Kg6 44.Rh1 Rd4 45.Rh6+ Kxh6 46.Kxf5 gxf4 47.gxf4 c4 48.bxc4 Rxc4 49.Rxc4 bxc4
50.Ke4 Kg6 51.Kd4 Kf5 52.Kxc4 Kxf4 53.Kc5 Ke5 54.Kb6 Kd6 55.Kxa6 Kc6 56.Ka7 f5
57.a6 Kc7 58.Ka8 f4 59.a7 Kc8  1/2-1/2

[Event "22nd Anderssen Mem Eliminacje"]
[Site "Wroclaw POL"]
[Date "2013.06.29"]
[Round "2"]
[White "Cyborowski,L"]
[Black "Kubien,J"]
[Result "1-0"]
[WhiteElo "2548"]
[BlackElo "2204"]

1.d4 d5 2.Nf3 c6 3.c4 Nf6 4.Nc3 e6 5.e3 Nbd7 6.Bd3 Be7 7.O-O O-O 8.e4 dxe4
9.Nxe4 Nxe4 10.Bxe4 Nf6 11.Bc2 b6 12.Bg5 Bb7 13.Qd3 g6 14.Rfe1 Nh5 15.Bh6 Re8
16.Rad1 Bf6 17.Qe3 Ng7 18.Bg5 Bxg5 19.Nxg5 Nf5 20.Qf4 Qb8 21.Qf3 Qc7 22.Ne4 Red8
23.Qc3 h5 24.Nf6+ Kf8 25.Bxf5 exf5 26.d5 Qf4 27.d6 c5 28.d7  1-0

[Event "22nd Anderssen Mem Eliminacje"]
[Site "Wroclaw POL"]
[Date "2013.06.29"]
[Round "3"]
[White "Stoop,J"]
[Black "Markowski,P"]
[Result "0-1"]
[WhiteElo "1782"]
[BlackElo "2139"]

1.Nf3 d5 2.d4 e6 3.c4 Nf6 4.e3 c6 5.Nc3 a6 6.cxd5 exd5 7.Bd3 Bd6 8.O-O O-O
9.e4 dxe4 10.Nxe4 Nxe4 11.Bxe4 Nd7 12.Bg5 Nf6 13.Qc2 h6 14.Bh4 Re8 15.Rfe1 Be7
16.Bg3 Qb6 17.Rad1 Be6 18.b3 Rad8 19.Bd3 Nd5 20.Bh7+ Kh8 21.Be4 Bb4 22.Bxd5 Bxd5
23.Rxe8+ Rxe8 24.Ne5 f6 25.Nd3 Qxd4 26.h3 Qc3 27.Qxc3 Bxc3 28.Nf4 Be4 29.f3 Bf5
30.Bf2 Be5 31.Nh5 Bc7 32.g4 Be6 33.Ng3 Bd5 34.Kg2 a5 35.Nf5 Re2  0-1

[Event "22nd Anderssen Mem Eliminacje"]
[Site "Wroclaw POL"]
[Date "2013.06.29"]
[Round "6"]
[White "Michalski,Filip"]
[Black "Urban,Marek"]
[Result "1-0"]
[WhiteElo "1654"]
[BlackElo "1842"]

1.d4 d5 2.c4 c6 3.Nc3 e6 4.e3 Nf6 5.Nf3 Nbd7 6.Bd3 Qc7 7.O-O Be7 8.Re1 O-O
9.Qc2 Re8 10.e4 dxe4 11.Nxe4 g6 12.Neg5 Nf8 13.Ne5 Nh5 14.Ngxf7 Bf6 15.Nh6+ Kg7
16.Nhg4 Bxe5 17.Nxe5 Qe7 18.b3 Qf6 19.Bb2 Kg8 20.d5 cxd5 21.Nxg6 Qf7 22.Ne5 Qc7
23.Ng4 Qf4 24.h3 Qg5 25.cxd5 Bd7 26.Re5  1-0

[Event "22nd Anderssen Mem Eliminacje"]
[Site "Wroclaw POL"]
[Date "2013.06.29"]
[Round "8"]
[White "Kania,Pr"]
[Black "Ksiazkiewicz,Marcin"]
[Result "1-0"]
[WhiteElo "1773"]
[BlackElo "1522"]

1.c4 c6 2.d4 d5 3.Nc3 e6 4.e3 Nf6 5.Nf3 Bd6 6.Bd3 Nbd7 7.a3 O-O 8.h3 Re8
9.O-O Bc7 10.e4 Nxe4 11.Nxe4 dxe4 12.Bxe4 h6 13.Bc2 Nf6 14.Re1 Re7 15.Be3 b6
16.Qe2 Bb7 17.Ne5 Kf8 18.Rad1 Qe8 19.Ng4 Ng8 20.Qd3 h5 21.Ne5 Bxe5 22.dxe5 c5
23.Qh7 f5 24.exf6 Nxf6 25.Qd3 Be4 26.Qc3 Bxc2 27.Qxc2 Rd7 28.Bg5 Rad8 29.Rxd7 Rxd7
30.Qe2 Kf7 31.Bxf6 Kxf6 32.Qe5+ Kg6 33.Re3 Kh7 34.Rg3 Qf7 35.Qe4+ Qf5 36.Qe3 Rd1+
37.Kh2 e5 38.Rf3 Qb1 39.Qxe5 Rh1+ 40.Kg3 Qg6+ 41.Kf4 Qf7+ 42.Qf5+ Qxf5+ 43.Kxf5 Re1
44.Re3 Rf1 45.f3 Rf2 46.g4 hxg4 47.hxg4 Rxb2 48.g5 Rc2 49.g6+ Kh6 50.Re8  1-0

[Event "DC International"]
[Site "Arlington USA"]
[Date "2013.06.30"]
[Round "7.9"]
[White "Gerzhoy,L"]
[Black "Aaron,D"]
[Result "1-0"]
[WhiteElo "2462"]
[BlackElo "2271"]

1.d4 d5 2.c4 c6 3.Nc3 Nf6 4.e3 e6 5.Nf3 Nbd7 6.Qc2 Bd6 7.Bd3 O-O 8.O-O dxc4
9.Bxc4 a6 10.Rd1 Qc7 11.Ne4 b5 12.Nxd6 Qxd6 13.Be2 c5 14.e4 cxd4 15.Nxd4 Qc5
16.f3 Qxc2 17.Nxc2 Bb7 18.Be3 Rac8 19.Nd4 Rc7 20.a4 bxa4 21.Rxa4 Rb8 22.b4 g6
23.b5 e5 24.bxa6 Nc5 25.Ra3 exd4 26.Bf4 d3 27.Bxd3 Rd7 28.Bxb8 Bxa6 29.Bc2  1-0